Planet medicine : from Stone Age shamanism to post-industrial healing /

Bibliographic Details
Main Author: Grossinger, Richard, 1944-
Format: Book
Language:English
Published: Garden City, N.Y. : Anchor Press/Doubleday, 1980.
Edition:1st ed.
Series:Anchor books
A Doubleday original
Subjects:

MARC

Tag First Indicator Second Indicator Subfields
LEADER 00000pam a2200000 i 4500
001 in00000051697
005 20151007073946.0
008 790308s1980 nyu b 00110 eng
010 |a  79007073  
020 |a 0385140533 :  |c $4.95 
035 |a (OCoLC)04804548 
035 |9 AAF0691AM 
040 |a DLC  |c DLC  |d TXA  |d UtOrBLW 
049 |a TXAM  |c [1405800] 
050 0 0 |a GN296  |b .G76 
082 0 |a 362.1 
100 1 |a Grossinger, Richard,  |d 1944- 
245 1 0 |a Planet medicine :  |b from Stone Age shamanism to post-industrial healing /  |c by Richard Grossinger. 
250 |a 1st ed. 
264 1 |a Garden City, N.Y. :  |b Anchor Press/Doubleday,  |c 1980. 
300 |a xviii, 390 pages ;  |c 21 cm. 
336 |a text  |b txt  |2 rdacontent 
337 |a unmediated  |b n  |2 rdamedia 
338 |a volume  |b nc  |2 rdacarrier 
490 0 |a Anchor books 
490 0 |a A Doubleday original 
500 |a Includes index. 
504 |a Bibliography: pages [373]-379. 
650 0 |a Medical anthropology. 
650 0 |a Alternative medicine. 
650 0 |a Medicine  |x Philosophy. 
999 |a MARS 
999 f f |s be2f130e-f141-3193-960e-a11e5b0a3f44  |i 0b600860-9264-3794-bc9e-17943df72232  |t 0 
952 f f |p ric  |a Texas A&M University  |b Rellis Campus  |c Joint Library Facility  |d Remote Storage  |t 0  |e GN296 .G76  |h Library of Congress classification  |i unmediated -- volume  |m A14802421518 
998 f f |a GN296 .G76  |t 0  |l Remote Storage